Introduction to Psychology (Record no. 221701)
[ view plain ]
| 000 -LEADER | |
|---|---|
| fixed length control field | 01115nam a22002657a 4500 |
| 005 - DATE AND TIME OF LATEST TRANSACTION | |
| control field | 20220304110525.0 |
| 008 - FIXED-LENGTH DATA ELEMENTS--GENERAL INFORMATION | |
| fixed length control field | 220304b ||||| |||| 00| 0 eng d |
| 020 ## - INTERNATIONAL STANDARD BOOK NUMBER | |
| International Standard Book Number | 9789353592202 |
| 040 ## - CATALOGING SOURCE | |
| Transcribing agency | Aloy |
| 041 ## - LANGUAGE CODE | |
| Language code of text/sound track or separate title | eng |
| 082 ## - DEWEY DECIMAL CLASSIFICATION NUMBER | |
| Edition number | 23 |
| Classification number | 150 |
| Item number | JAII |
| 100 ## - MAIN ENTRY--PERSONAL NAME | |
| Personal name | Shashi Jain |
| 100 ## - MAIN ENTRY--PERSONAL NAME | |
| 9 (RLIN) | 22686 |
| 245 ## - TITLE STATEMENT | |
| Title | Introduction to Psychology |
| 260 ## - PUBLICATION, DISTRIBUTION, ETC. | |
| Place of publication, distribution, etc. | Ludhiana |
| Name of publisher, distributor, etc. | Kalyani Publishers |
| Date of publication, distribution, etc. | 2021 |
| 300 ## - PHYSICAL DESCRIPTION | |
| Extent | xii,437 p. |
| Other physical details | PB |
| Dimensions | 24x18 cm. |
| 365 ## - TRADE PRICE | |
| Source of price type code | Psychology |
| Price type code | 6190 |
| Price amount | 300.00 |
| Currency code | ₹ |
| Unit of pricing | 375.00 |
| Price note | 20% |
| Price effective from | 01-03-2022 |
| 520 ## - SUMMARY, ETC. | |
| Summary, etc. | For undergraduate students of Indian Universities. The book covers the syllabii but more than that it covers the fundamental aspects like methods of Psychology, Variables Biological foundations of Psychology, Sensory & Perceptual Processes, Laearning & Memory, Motivation & emotion, intelligence, Personality, thinking and Stress & its management |
| 650 ## - SUBJECT ADDED ENTRY--TOPICAL TERM | |
| Topical term or geographic name entry element | Methods of Psychology |
| 9 (RLIN) | 22676 |
| 650 ## - SUBJECT ADDED ENTRY--TOPICAL TERM | |
| Topical term or geographic name entry element | Heredity and Environment |
| 9 (RLIN) | 22677 |
| 650 ## - SUBJECT ADDED ENTRY--TOPICAL TERM | |
| Topical term or geographic name entry element | Attention |
| 9 (RLIN) | 22678 |
| 650 ## - SUBJECT ADDED ENTRY--TOPICAL TERM | |
| Topical term or geographic name entry element | Perception |
| 9 (RLIN) | 22679 |
| 650 ## - SUBJECT ADDED ENTRY--TOPICAL TERM | |
| Topical term or geographic name entry element | Stress and its Management |
| 9 (RLIN) | 22680 |
| 700 ## - ADDED ENTRY--PERSONAL NAME | |
| Personal name | JAIN (Shashi) |
| 9 (RLIN) | 22681 |
| 942 ## - ADDED ENTRY ELEMENTS (KOHA) | |
| Source of classification or shelving scheme | Dewey Decimal Classification |
| Koha item type | Book |
| Withdrawn status | Lost status | Source of classification or shelving scheme | Damaged status | Not for loan | Collection code | Home library | Current library | Date acquired | Source of acquisition | Cost, normal purchase price | Total Checkouts | Total Renewals | Full call number | Barcode | Date last seen | Date last checked out | Cost, replacement price | Price effective from | Koha item type |
|---|---|---|---|---|---|---|---|---|---|---|---|---|---|---|---|---|---|---|---|
| Dewey Decimal Classification | Psychology | St Aloysius Library | St Aloysius Library | 03/02/2022 | Biblios Book Point, Surathkal, Mangalore-575014 | 300.00 | 10 | 3 | 150 JAII | 075561 | 04/15/2025 | 03/27/2025 | 375.00 | 03/04/2022 | Book | ||||
| Dewey Decimal Classification | Psychology | St Aloysius Library | St Aloysius Library | 03/02/2022 | Biblios Book Point, Surathkal, Mangalore-575014 | 300.00 | 9 | 2 | 150 JAII | 075562 | 04/18/2026 | 04/06/2026 | 375.00 | 03/04/2022 | Book |